000 00701nam a2200229Ia 4500
001 15438
003 GE_BSU
008 181216s||||||||xx |||||||||||||| ||und||
040 _cGE_BSU
080 _a821.353.1-32
100 _aჩადუნელი,იორამ
245 _aნაზვრევი
245 _bმოთხრობები
245 _cრედ. ნ.ლორთქიფანიძე.მხატვ.გ.გორდელაძე
260 _aთბილისი
260 _bნაკადული
260 _c1970
300 _a242გვ.20სმ.
653 _aმოთხრობები
653 _aნაზვრევი
942 _cBK
999 _c48541
_d48541